000 00975nam2a2200205 4500
001 RU\NLR\PER_A\002346324_001780
005 20250625050233.0
035 _a(NLR Aleph) 016341371
090 _a13092623
_c13092623
100 _a20230412d2022 |||y0rusy50 ca
101 0 _arus
102 _aRU
200 0 _aТ. 22, № 6
210 _d2022
_aБ. м.
461 0 _1001RU\NLR\INFOCOMM31\5000021354
_12001#$aСорбционные и хроматографические процессы$fНауч. совет по адсорбции и хроматографии РАН, Воронеж. гос. ун-т$vТ. 22, № 6
_94498507
_c[Воронеж]
_d2001-
_fНауч. совет по адсорбции и хроматографии РАН, Воронеж. гос. ун-т
_nБ. и.
_tСорбционные и хроматографические процессы
_x1680-0613
_vТ. 22, № 6
852 _aNLR
_jП8/1547
942 _cISSUE
980 _aNB
980 _aRUSPER